| 000 | 01170pam a2200349 a 4500 | ||
|---|---|---|---|
| 003 | data | ||
| 005 | 20260322212033.0 | ||
| 008 | data | ||
| 010 | _a95026667 | ||
| 020 | _a0870134167 | ||
| 020 | _a9780870134166 | ||
| 040 |
_aDLC _cDLC _dMXC _dMXC |
||
| 043 | _an-us--- | ||
| 050 | 0 | 0 |
_aD807.U6 _bF47 1996 |
| 060 | 1 | 0 |
_aWZ 100 _bF417 1996 |
| 082 | 0 | 0 |
_a940.54/7573 _220 |
| 092 | _a940.54 F417 1996 | ||
| 100 | 1 | _aFessler, Diane Burke. | |
| 245 | 1 | 0 |
_aNo time for fear : _bvoices of American military nurses in World War II / _cDiane Burke Fessler. |
| 260 |
_aEast Lansing : _bMichigan State University Press, _cc1996. |
||
| 300 |
_axv, 280 p. : _bill. ; _c24 cm. |
||
| 504 | _aIncludes bibliographical references (p. 263-264) and index. | ||
| 650 | 0 |
_aWorld War, 1939-1945 _xMedical care _zUnited States. |
|
| 650 | 0 |
_aWorld War, 1939-1945 _vPersonal narratives, American. |
|
| 650 | 0 |
_aNurses _vBiography. _zUnited States |
|
| 650 | 2 |
_aMilitary Nursing _vPersonal Narratives. _zUnited States |
|
| 650 | 2 |
_aWar _vPersonal Narratives. |
|
| 650 | 2 |
_aNurses _vBiography. |
|
| 651 | 0 |
_aUnited States _xNurses _xNurses _vBiography. |
|
| 651 | 2 | _aUnited States. | |
| 001 | data | ||
| 999 |
_c772 _d772 |
||